000 00403nam a22001457a 4500
020 _a9781409383949
040 _cNUST
082 _aREF 635.9 ROY
100 _aBrickell, Christopher
_9109998
245 _aThe Royal Horticultural Society Encyclopedia of Gardening
250 _a4th Edition
260 _alondon:
_bDorling Kindersley limited,
_c2012.
650 _aGardening
_97865
942 _2ddc
_cREF
999 _c593584
_d593584